Operation and modeling of the MOS transistor / (Record no. 182318)
[ view plain ]
| 000 -LEADER | |
|---|---|
| fixed length control field | 01169 a2200217 4500 |
| 003 - CONTROL NUMBER IDENTIFIER | |
| control field | Nust |
| 005 - DATE AND TIME OF LATEST TRANSACTION | |
| control field | 20221202181807.0 |
| 010 ## - LIBRARY OF CONGRESS CONTROL NUMBER | |
| LC control number | 86027389 |
| 020 ## - INTERNATIONAL STANDARD BOOK NUMBER | |
| International Standard Book Number | 007065381X |
| 040 ## - CATALOGING SOURCE | |
| Transcribing agency | Nust |
| 082 00 - DEWEY DECIMAL CLASSIFICATION NUMBER | |
| Classification number | 621.381522,TSI |
| 100 1# - MAIN ENTRY--PERSONAL NAME | |
| Personal name | Tsividis, Yannis. |
| 9 (RLIN) | 60163 |
| 245 10 - TITLE STATEMENT | |
| Title | Operation and modeling of the MOS transistor / |
| Statement of responsibility, etc. | Yannis P. Tsividis. |
| 260 ## - PUBLICATION, DISTRIBUTION, ETC. | |
| Place of publication, distribution, etc. | New York : |
| Name of publisher, distributor, etc. | McGraw-Hill, |
| Date of publication, distribution, etc. | c1987. |
| 300 ## - PHYSICAL DESCRIPTION | |
| Extent | xx, 505 p. : |
| Other physical details | ill. ; |
| Dimensions | 25 cm. |
| 440 #0 - SERIES STATEMENT/ADDED ENTRY--TITLE | |
| Title | McGraw-Hill series in electrical engineering. |
| 9 (RLIN) | 20188 |
| 440 #0 - SERIES STATEMENT/ADDED ENTRY--TITLE | |
| Title | McGraw-Hill series in electrical engineering. |
| 9 (RLIN) | 20188 |
| 505 ## - FORMATTED CONTENTS NOTE | |
| Formatted contents note | Semiconductors, Contacts And Pn Junction (Page-1), The Two Terminal MOS Structure (Page-35), The Three Terminal MOS Structure (Page-75), The Four Terminal MOS Transistor (Page-102), Short Channel And Narrow Channel Effects (Page-168), MOS Transistors With Ion Implanted Channels (Page-217), The MOS Transistor In Dynamic Operation Large Signal Modeling (Page-249), Small Signal Modeling For Low And Medium Frequencies (Page-289), High Frequency Small Signal Models (Page-353), MOS Transistor Fabrication (Page-409). |
| 650 #0 - SUBJECT ADDED ENTRY--TOPICAL TERM | |
| Topical term or geographic name entry element | Telecommunication Engineering |
| 942 ## - ADDED ENTRY ELEMENTS (KOHA) | |
| Source of classification or shelving scheme | |
| Koha item type | Book |
| Withdrawn status | Lost status | Source of classification or shelving scheme | Damaged status | Not for loan | Permanent Location | Current Location | Shelving location | Date acquired | Full call number | Barcode | Date last seen | Price effective from | Koha item type | Public note |
|---|---|---|---|---|---|---|---|---|---|---|---|---|---|---|
| Military College of Signals (MCS) | Military College of Signals (MCS) | General Stacks | 12/12/2016 | 621.381522,TSI | MCS804 | 12/08/2016 | 12/12/2016 | Book | Almirah No.34, Shelf No.1 |
